| 000 | 00798cam a2200217 4500 | ||
|---|---|---|---|
| 001 | WB3724-51 | ||
| 008 | 000000n2001 000 0 eng u | ||
| 035 | _a(Sirsi) u113194 | ||
| 245 | _aRent factoring case | ||
| 260 | _c2001 | ||
| 490 |
_aEstates Gazette _v(0124) 16 June 2001, 37(1) |
||
| 520 | _aHaving lost its case in the high court against retailer John Lewis, involving rent factoring, the Inland Revenue has applied to take the case directly to HL. Notes that if the Inland Revenue wins an appeal in HL retailers and property companies could face huge back tax bills. | ||
| 590 | _aWB | ||
| 650 | _aINLAND REVENUE | ||
| 650 | _aJOHN LEWIS PARTNERSHIP | ||
| 650 | _aRETAILERS | ||
| 650 | _aRENT FACTORING SCHEMES | ||
| 650 | _aTAX RELIEF | ||
| 690 | _aTAXATION | ||
| 942 | _n0 | ||
| 999 |
_c67409 _d67409 |
||